000 00857nam a2200265Ia 4500
003 OSt
005 20221005062037.0
006 a|||||r|||| 00| 0
007 ta
008 221004b |||||||| |||| 00| 0 eng d
020 _a9781138887961 (hbk)
_cUKP 175.00
024 _a36593
037 _b545, 12/03/2018, Bright Book Service
_cTextual
040 _aCRL
_cCRL
_beng
041 _2eng
_aeng
082 _a4:(D65,8(B)), Q7
100 _aFranklin Bob Ed.
_9289828
245 0 _aRoutledge companion to digital journalism studies
260 _aLondon
_bRoutledge UK
_c2017
300 _axxv,614p.
_ccm.
650 _aJOURNALISM
700 _a Eldridge Scott A. II Ed.
_9601416
942 _h4:(D65,8(B)), Q7
_cTEXL
_2cc
999 _c969132
_d969132